000 005600000a22001810004500
003 MACL
005 20160315115641.0
008 160315b xxu||||| |||| 00| 0 eng d
040 _aMACL
_cMACL
041 _aHindi
082 _a920
100 _aश्री गोपालप्रसाद व्‍यास
_941634
245 _aहमारे राष्‍ट्रपिता
260 _bआत्‍माराम एण्‍ड संस
_aदिल्‍ली
350 _a1949
650 _aBiography
_945975
942 _cHIN
_k920
_2ddc
999 _c23219
_d23219